| 000 | 00569nam a2200193Ia 4500 | ||
|---|---|---|---|
| 008 | 191130s2004##################000#0#eng## | ||
| 020 | _a9780415313834 | ||
| 040 |
_aACL _cACL |
||
| 082 | _a331 POO | ||
| 100 | _aPoole, Michael | ||
| 245 |
_aIndustrial relations : origins and patterns of national diversity _cMichael Poole |
||
| 260 |
_aLondon _bBantam Books _c2004 |
||
| 300 | _axiii,258p | ||
| 500 | _aIncludes bibliographical references and index | ||
| 650 | _aEconomics | ||
| 990 | _ae5e23950ac10000c774f2b812a871a6c | ||
| 991 | _a123139 | ||
| 999 |
_c214469 _d214469 |
||